000 00861nam a22002175i 4500
001 167656
003 ES-MaACL
005 20230906213553.0
008 960320s1882 sp |||| | spa d
040 _aAS
_bspa
_cCCPB | SIC
100 1 _aViñaza, Cipriano Muñoz y Manzano
_cConde de la.
_9133815
245 1 0 _aSanta Teresa de Jesús
_b: ensayo crítico /
_cpor el Conde de la Viñaza.
260 _aMadrid :
_b[s.n.],
_c1882 (
_fImprenta de A. Pérez Dubrull)
300 _a175 p. ;
_c18 cm.
530 _aDisponible también en stio web.
597 _aPort. a dos tintas.
600 0 0 _aTeresa de Jesús,
_cSanta,
_d1515-1582
_9226510
852 _aES-MaACL
_jF-12909
_z-- Enc. hol.
856 _uhttp://bibliotecadigitalhispanica.bne.es:80/webclient/DeliveryManager?pid=3473822&custom_att_2=simple_viewer
_zIr a la página
999 _c167656
_d167656